000 00436nam a2200133 4500
999 _c14263
_d14263
008 190906b ||||| |||| 00| 0 eng d
082 _aDPer 050 T48 Apr - June 2016, v. 187 n. 12-24
100 _939448
_aJohn, Tara.
245 _aPolly Stenham:
_bTheater wunderkind/
_cTara John.
260 _aHong Kong:
_bTime Asia,
_cc2016.
300 _av187 n22, pages 40-41:
_billustrations;
_c27 cm.
650 _aWriting.
_940039
942 _2ddc
_cPER